Liberal imagination : essays on literature and society / (Record no. 8594)
[ view plain ]
| 000 -LEADER | |
|---|---|
| fixed length control field | 00418cam a2200157ua 4500 |
| 041 ## - LANGUAGE CODE | |
| Language code of text/sound track or separate title | eng |
| 082 ## - DEWEY DECIMAL CLASSIFICATION NUMBER | |
| Classification number | 828.09 |
| Item number | TRI/LI |
| 100 ## - MAIN ENTRY--AUTHOR NAME | |
| Personal name | Trilling, Leonel . |
| 245 ## - TITLE STATEMENT | |
| Title | Liberal imagination : essays on literature and society / |
| 250 ## - EDITION STATEMENT | |
| Edition statement | 1 / |
| 260 ## - PUBLICATION, DISTRIBUTION, ETC. (IMPRINT) | |
| Place of publication | London : |
| Name of publisher | Secker & Warburg , |
| Year of publication | 1964. |
| 300 ## - PHYSICAL DESCRIPTION | |
| Number of Pages | 303 ; . |
| 942 ## - ADDED ENTRY ELEMENTS (KOHA) | |
| Koha item type | Books |
| Withdrawn status | Lost status | Damaged status | Home library | Current library | Date acquired | Cost, normal purchase price | Full call number | Accession Number | Koha item type | Public note |
|---|---|---|---|---|---|---|---|---|---|---|
| Withdrawn | KAUAET | Sanskrit University | 07/04/2012 | 30.00 | 828.09 | 6783 | Books | Transferred to Sanskrit University |
